000 004430000a22001810004500
003 MACL
005 20160124115458.0
008 160124b xxu||||| |||| 00| 0 eng d
040 _aMACL
_cMACL
041 _aEnglish
082 _a610/TUR
100 _aTurchin, Curtis
_934405
245 _aMind Body rejuvenation
260 _bMagna Publishing
_c2002
_aMmumbai
350 _a175
650 _aMedical Science
_934406
942 _cBK
_k610
_2ddc
999 _c31783
_d31783